[Event "WEM KT 2016"]
[Site "?"]
[Date "2016.09.01"]
[Round "6.14"]
[White "Kaiser, Andreas"]
[Black "Reindl, Jork"]
[Result "1-0"]
[WhiteElo "1847"]
[BlackElo "1436"]
[PlyCount "71"]
[EventDate "2016.??.??"]
[WhiteTeam "SV 1920 Nürtingen"]
[BlackTeam "SG Schwäbisch Gmünd"]

1. Nf3 Nc6 2. e3 e5 3. d4 exd4 4. exd4 d5 5. Bd3 Nf6 6. O-O Be7 7. c3 h6 8. Be3
O-O 9. Nbd2 Be6 10. Ne5 Nxe5 11. dxe5 Nd7 12. f4 Bc5 13. Bd4 Bxd4+ 14. cxd4 f5
15. Rc1 c6 16. Qe2 Rc8 17. Nb3 Qe7 18. Qh5 Qf7 19. Qh4 Rfe8 20. Be2 Qe7 21. Qh5
Qf7 22. Qh3 Qf8 23. Rc3 Kh8 24. Qh5 Qf7 25. Qh3 Qf8 26. g4 fxg4 27. Bxg4 Bxg4
28. Qxg4 Nb6 29. Nc5 Qe7 30. b3 Rg8 31. Rg3 Na8 32. f5 Rcf8 33. Ne6 Re8 34. Qh5
Nc7 35. Nf4 Ref8 36. Ng6+ 1-0

[Event "WEM KT 2016"]
[Site "?"]
[Date "2016.09.01"]
[Round "6.15"]
[White "Zimmermann, Tobias"]
[Black "Ruff, Robert"]
[Result "0-1"]
[WhiteElo "1820"]
[BlackElo "1864"]
[PlyCount "74"]
[EventDate "2016.??.??"]
[WhiteTeam "SC Botnang"]
[BlackTeam "SK Sachsenheim"]

1. e4 e6 2. d4 d5 3. Nd2 Nf6 4. Bd3 c5 5. c3 Nc6 6. Ne2 Qb6 7. e5 Nd7 8. Nf3
cxd4 9. cxd4 f6 10. exf6 Nxf6 11. O-O Bd6 12. Re1 O-O 13. b3 Bd7 14. Bf4 Bb4
15. Rf1 Be8 16. a3 Be7 17. b4 Bh5 18. b5 Na5 19. Ne5 Rad8 20. f3 Nd7 21. Kh1
Nxe5 22. Bxe5 Nc4 23. Bxc4 dxc4 24. Nc3 Bg6 25. a4 Qa5 26. Ne4 Bb4 27. Qe2 Rc8
28. Bd6 Rfe8 29. Bxb4 Qxb4 30. Rfb1 Qe7 31. Rc1 Qc7 32. Rc3 Red8 33. Rd1 Rd5
34. Nc5 e5 35. Qxc4 Bf7 36. Qb4 exd4 37. Rcc1 Rxc5 0-1

[Event "WEM KT 2016"]
[Site "?"]
[Date "2016.09.01"]
[Round "6.16"]
[White "Reindl, Knut"]
[Black "Radek, Dieter"]
[Result "1/2-1/2"]
[WhiteElo "1877"]
[BlackElo "1962"]
[PlyCount "39"]
[EventDate "2016.??.??"]
[WhiteTeam "SG Schwäbisch Gmünd"]
[BlackTeam "SV Oberstenfeld"]

1. c4 e5 2. Nc3 Nf6 3. Nf3 d6 4. g3 Be7 5. Bg2 O-O 6. O-O Nbd7 7. d3 c6 8. Bg5
h6 9. Bxf6 Nxf6 10. Rb1 Be6 11. Qc2 Qc7 12. Rfc1 Rac8 13. b4 d5 14. cxd5 cxd5
15. Qb2 Qb8 16. e3 Rfd8 17. Ne2 Nd7 18. a3 Bf6 19. Qd2 Nb6 20. Qd1 1/2-1/2

[Event "WEM KT 2016"]
[Site "?"]
[Date "2016.09.01"]
[Round "6.17"]
[White "Lahouel, Kim-Luca"]
[Black "Tölg, Wolfgang"]
[Result "1/2-1/2"]
[WhiteElo "1706"]
[BlackElo "1597"]
[PlyCount "48"]
[EventDate "2016.??.??"]
[WhiteTeam "Heilbronner SV"]
[BlackTeam "SF Oeffingen"]

1. e4 e5 2. Nf3 Nc6 3. Bc4 Bc5 4. b4 Bxb4 5. c3 Ba5 6. d4 exd4 7. O-O Qe7 8.
Bg5 f6 9. Bf4 dxc3 10. Qb3 Nh6 11. Nxc3 Bxc3 12. Qxc3 d6 13. Qb3 Nf7 14. Bg3
O-O 15. Bd5 Ncd8 16. Rac1 Kh8 17. Rfe1 Ne5 18. Nxe5 dxe5 19. f4 c6 20. Bc4 Be6
21. fxe5 fxe5 22. Bxe6 Nxe6 23. Bxe5 Rad8 24. Qc3 Rd7 1/2-1/2

[Event "WEM KT 2016"]
[Site "?"]
[Date "2016.09.01"]
[Round "6.18"]
[White "Handel, Heinz"]
[Black "Baumeister, Jürgen"]
[Result "1/2-1/2"]
[WhiteElo "1661"]
[BlackElo "1818"]
[PlyCount "76"]
[EventDate "2016.??.??"]
[WhiteTeam "Rochade Metzingen"]
[BlackTeam "SC Asperg"]

1. d4 f5 2. Nf3 Nf6 3. Bf4 d6 4. c3 Nbd7 5. Nbd2 c5 6. g3 e6 7. Nc4 Ne4 8. dxc5
Ndxc5 9. Bg2 g5 10. Be3 b5 11. Ncd2 Rb8 12. Nb3 Qf6 13. Nxc5 dxc5 14. Nd2 Bb7
15. Nxe4 Bxe4 16. Bxe4 fxe4 17. Qc2 Qe5 18. b4 Rc8 19. Rc1 h6 20. a4 a6 21.
axb5 axb5 22. Qa2 Rh7 23. Qa6 Rhc7 24. Qxb5+ Kf7 25. O-O Kg6 26. Qa4 cxb4 27.
cxb4 Rxc1 28. Rxc1 Rb8 29. Bc5 Qb2 30. Qc2 Qe5 31. Bxf8 Rxf8 32. Qc5 Qb2 33.
Rc2 Qf6 34. e3 Qf3 35. Qc4 Qd1+ 36. Kg2 Qf3+ 37. Kg1 Qd1+ 38. Kg2 Qf3+ 1/2-1/2

[Event "WEM KT 2016"]
[Site "?"]
[Date "2016.09.02"]
[Round "7.1"]
[White "Schaffert, Walter"]
[Black "Gustain, Marc"]
[Result "1/2-1/2"]
[WhiteElo "2069"]
[BlackElo "2131"]
[PlyCount "45"]
[EventDate "2016.??.??"]
[WhiteTeam "SG Ludwigsburg"]
[BlackTeam "SF Deizisau"]

1. e4 c5 2. Nf3 e6 3. b3 a6 4. Bb2 Nc6 5. d4 cxd4 6. Nxd4 Qf6 7. c3 Bc5 8. g3
Nge7 9. Bg2 h5 10. h4 d6 11. Qd2 Bd7 12. Na3 Ne5 13. Nac2 Ng4 14. f3 Ne5 15.
O-O-O Qg6 16. f4 Ng4 17. Rhf1 Rc8 18. Kb1 b5 19. Qe2 Nh2 20. f5 Qxg3 21. fxe6
Bxe6 22. Nxe6 fxe6 23. Rh1 1/2-1/2

[Event "WEM KT 2016"]
[Site "?"]
[Date "2016.09.02"]
[Round "7.2"]
[White "Fischer, Dietmar"]
[Black "Fuß, Klaus"]
[Result "0-1"]
[WhiteElo "1944"]
[BlackElo "2055"]
[PlyCount "62"]
[EventDate "2016.??.??"]
[WhiteTeam "SC Böblingen"]
[BlackTeam "SG Turm Albstadt"]

1. e4 c5 2. Nf3 Nc6 3. d4 cxd4 4. Nxd4 Nf6 5. Nc3 e6 6. Ndb5 Bb4 7. a3 Bxc3+ 8.
Nxc3 d5 9. exd5 exd5 10. Bd3 O-O 11. O-O d4 12. Ne2 Bg4 13. f3 Bh5 14. Nf4 Bg6
15. Nxg6 hxg6 16. f4 Ne7 17. f5 Nxf5 18. Bxf5 gxf5 19. Rxf5 Qb6 20. Qd3 Rae8
21. Rf1 Ng4 22. Bd2 Ne3 23. Rf4 Rd8 24. Rh4 g6 25. Re1 Rfe8 26. Bxe3 Rxe3 27.
Qf1 d3 28. Kh1 Rxe1 29. Qxe1 dxc2 30. Rh8+ Kxh8 31. Qc3+ Qd4 0-1

[Event "WEM KT 2016"]
[Site "?"]
[Date "2016.09.02"]
[Round "7.3"]
[White "Lelumees, Brait"]
[Black "Wolf, Rainer"]
[Result "0-1"]
[WhiteElo "2213"]
[BlackElo "2013"]
[PlyCount "55"]
[EventDate "2016.??.??"]
[WhiteTeam "SK Schwäbisch Hall"]
[BlackTeam "SC Weiße Dame Ulm"]

1. e4 g6 2. d4 Bg7 3. Nc3 d6 4. f4 a6 5. Nf3 b5 6. Bd3 Bb7 7. O-O Nd7 8. e5 c5
9. Be4 Bxe4 10. Nxe4 cxd4 11. Neg5 h6 12. e6 hxg5 13. Nxg5 fxe6 14. Nxe6 Qb6
15. Qd3 Nf8 16. Nxg7+ Kf7 17. Qe4 Qa7 18. f5 Nf6 19. Qf3 Kxg7 20. g4 N8d7 21.
g5 Nh5 22. Qd5 Raf8 23. Qe6 Ne5 24. f6+ exf6 25. Qxd6 Nc4 26. Qc6 d3+ 27. Rf2
fxg5 28. Be3 0-1

[Event "WEM KT 2016"]
[Site "?"]
[Date "2016.09.02"]
[Round "7.4"]
[White "Heining, Thomas"]
[Black "Gehringer, Frank"]
[Result "1/2-1/2"]
[WhiteElo "2122"]
[BlackElo "2010"]
[PlyCount "39"]
[EventDate "2016.??.??"]
[WhiteTeam "SC Böblingen"]
[BlackTeam "SC Leinfelden"]

1. e4 e6 2. d4 d5 3. Nc3 dxe4 4. Nxe4 Nd7 5. Nf3 Ngf6 6. Nxf6+ Nxf6 7. Bd3 Be7
8. Bg5 O-O 9. Qe2 c5 10. dxc5 Qa5+ 11. c3 Qxc5 12. Rd1 Rd8 13. h4 Bd7 14. Ne5
Bc6 15. Rh3 Rd5 16. Re3 Rad8 17. Kf1 Kf8 18. c4 Rd4 19. Bc2 h6 20. Rxd4 1/2-1/2

[Event "WEM KT 2016"]
[Site "?"]
[Date "2016.09.02"]
[Round "7.5"]
[White "Baars, Mario"]
[Black "Muschkowski, Jürgen"]
[Result "1/2-1/2"]
[WhiteElo "1741"]
[BlackElo "2090"]
[PlyCount "47"]
[EventDate "2016.??.??"]
[WhiteTeam "SG Schwäbisch Gmünd"]
[BlackTeam "SV Balingen"]

1. e4 g6 2. d4 Bg7 3. Nc3 d6 4. f4 e6 5. Nf3 a6 6. Bd3 Ne7 7. Be3 h6 8. O-O O-O
9. Qd2 Kh7 10. Ne2 f5 11. Ng3 Nd7 12. c3 Nf6 13. Qc2 b6 14. Nh4 d5 15. exf5
exf5 16. Nf3 Ne4 17. Ne5 Be6 18. Qe2 a5 19. Rac1 Ng8 20. c4 Ngf6 21. Bxe4 Nxe4
22. Nxe4 fxe4 23. c5 h5 24. cxb6 1/2-1/2

[Event "WEM KT 2016"]
[Site "?"]
[Date "2016.09.02"]
[Round "7.6"]
[White "Müller, Thomas"]
[Black "Streiter, Manfred"]
[Result "1/2-1/2"]
[WhiteElo "2027"]
[BlackElo "1983"]
[PlyCount "26"]
[EventDate "2016.??.??"]
[WhiteTeam "SV Schömberg"]
[BlackTeam "SGem Vaihingen-Rohr"]

1. d4 Nf6 2. Bf4 c5 3. e3 g6 4. c3 cxd4 5. exd4 Bg7 6. Nd2 O-O 7. Ngf3 d6 8.
Bc4 Nc6 9. h3 e5 10. dxe5 dxe5 11. Be3 e4 12. Nd4 Ne5 13. Be2 Re8 1/2-1/2

[Event "WEM KT 2016"]
[Site "?"]
[Date "2016.09.02"]
[Round "7.7"]
[White "Wendler, David"]
[Black "Schömbs, Oliver"]
[Result "1-0"]
[WhiteElo "1912"]
[BlackElo "1874"]
[PlyCount "71"]
[EventDate "2016.??.??"]
[WhiteTeam "SK Bebenhausen"]
[BlackTeam "SC Ingersheim"]

1. e4 d5 2. exd5 Qxd5 3. Nc3 Qd6 4. d4 Nf6 5. g3 Bg4 6. Nf3 c6 7. Bg2 e6 8. O-O
Qc7 9. Re1 Nbd7 10. h3 Bxf3 11. Qxf3 Nb6 12. Bf4 Bd6 13. Be5 O-O-O 14. Bxf6
gxf6 15. Qxf6 Rhg8 16. Ne4 Bf8 17. c3 Rg6 18. Qf3 Nc4 19. b3 Nd6 20. a4 Nxe4
21. Rxe4 Bd6 22. Rg4 f5 23. Rxg6 hxg6 24. b4 e5 25. dxe5 Bxe5 26. b5 cxb5 27.
Rb1 Rd7 28. Rxb5 Bxc3 29. Qe3 Bd4 30. Qe8+ Qd8 31. Bxb7+ Kc7 32. Qxg6 Bb6 33.
Bg2 Bxf2+ 34. Kh2 Bxg3+ 35. Qxg3+ Kc8 36. Rb8# 1-0

[Event "WEM KT 2016"]
[Site "?"]
[Date "2016.09.02"]
[Round "7.8"]
[White "Lüdke, Joshua"]
[Black "Klaiß, Thomas"]
[Result "1/2-1/2"]
[WhiteElo "1934"]
[BlackElo "1981"]
[PlyCount "90"]
[EventDate "2016.??.??"]
[WhiteTeam "SV Marbach"]
[BlackTeam "SF Dornstetten-Pfalzgrafenweiler"]

1. e4 e5 2. Nf3 d6 3. d4 Nd7 4. Bc4 c6 5. O-O Be7 6. dxe5 dxe5 7. Ng5 Bxg5 8.
Qh5 Qf6 9. Bxg5 Qg6 10. Qxg6 hxg6 11. Nd2 Ngf6 12. f3 Nc5 13. Be3 Ne6 14. Rfd1
b6 15. Bf1 Ke7 16. Nc4 Nd7 17. Rd2 f6 18. Rad1 Rd8 19. b4 Bb7 20. Nd6 Rab8 21.
g3 Ndf8 22. a4 Rd7 23. a5 Rbd8 24. Nxb7 Rxb7 25. f4 Rxd2 26. Rxd2 Nd7 27. c3
bxa5 28. f5 gxf5 29. exf5 Nc7 30. bxa5 Nd5 31. a6 Rc7 32. Bf2 Nxc3 33. Rb2 Kd6
34. h4 Nd5 35. h5 N7b6 36. Bg2 c5 37. Rd2 Rd7 38. Rc2 Rc7 39. Rd2 Kc6 40. Kf1
Rd7 41. Rc2 Na4 42. Ke1 Kd6 43. Rd2 Nab6 44. g4 Rc7 45. Kd1 Rd7 1/2-1/2

[Event "WEM KT 2016"]
[Site "?"]
[Date "2016.09.02"]
[Round "7.9"]
[White "Klaus, Daniel"]
[Black "Kaiser, Andreas"]
[Result "1-0"]
[WhiteElo "1943"]
[BlackElo "1847"]
[PlyCount "83"]
[EventDate "2016.??.??"]
[WhiteTeam "SC Feuerbach"]
[BlackTeam "SV Nürtingen"]

1. e4 c6 2. d4 d5 3. Nc3 dxe4 4. Nxe4 Nd7 5. Bc4 Ngf6 6. Ng5 e6 7. Ne2 Nb6 8.
Bb3 h6 9. Nf3 c5 10. c3 cxd4 11. Nexd4 Nbd5 12. Qe2 Be7 13. O-O O-O 14. Rd1 Qa5
15. Ne5 Rd8 16. Bd2 Nc7 17. c4 Qa6 18. Bc3 Bd7 19. Rd3 Be8 20. Rg3 b5 21. cxb5
Nxb5 22. a4 Nc7 23. Qxa6 Nxa6 24. Ndc6 Bf8 25. Nxd8 Rxd8 26. Rd3 Rc8 27. Bd4
Nc5 28. Rc1 Kh7 29. Ba2 Nxd3 30. Rxc8 Nf4 31. Kf1 a5 32. Nxf7 Bb4 33. Bxf6 Bxf7
34. Bb1+ Bg6 35. Bxg6+ Kxg6 36. Bc3 Nd5 37. Bxb4 Nxb4 38. Ke2 Kf6 39. g3 Nd5
40. Rc5 Nb6 41. b3 Nd7 42. Rxa5 1-0

[Event "WEM KT 2016"]
[Site "?"]
[Date "2016.09.02"]
[Round "7.10"]
[White "Bauer, Dieter"]
[Black "Keller, Joachim"]
[Result "0-1"]
[WhiteElo "1724"]
[BlackElo "1901"]
[PlyCount "98"]
[EventDate "2016.??.??"]
[WhiteTeam "SF Kornwestheim"]
[BlackTeam "SK Bebenhausen"]

1. d4 d5 2. Bg5 c6 3. c3 Bf5 4. Nd2 Nd7 5. e3 Ngf6 6. Ngf3 h6 7. Bf4 Bh7 8. Qb3
Qb6 9. Be2 e6 10. h3 c5 11. O-O c4 12. Qxb6 axb6 13. a3 Be7 14. Rfc1 b5 15. Bd1
O-O 16. Bc2 Bxc2 17. Rxc2 b4 18. cxb4 Bxb4 19. Rcc1 Be7 20. Ne5 Nxe5 21. Bxe5
b5 22. f3 Nd7 23. Bg3 Ra6 24. e4 Rfa8 25. Re1 Bf6 26. Bf2 b4 27. exd5 exd5 28.
Rab1 bxa3 29. bxa3 c3 30. Nf1 Rxa3 31. Rb7 Nf8 32. Rb5 Ne6 33. Rxd5 Nf4 34. Rd7
Nd3 35. Re2 Ra2 36. Rxa2 Rxa2 37. Be3 Re2 38. Rc7 c2 39. d5 Rxe3 40. Rxc2 Re1
41. Rc4 Ne5 42. Rc8+ Kh7 43. f4 Ng6 44. g3 Rd1 45. Kg2 Rxd5 46. Rc7 Ne7 47. Ne3
Rd2+ 48. Kf3 Rd3 49. Ke4 Rxe3+ 0-1

[Event "WEM KT 2016"]
[Site "?"]
[Date "2016.09.02"]
[Round "7.11"]
[White "Ruff, Robert"]
[Black "Yi, Danny"]
[Result "1/2-1/2"]
[WhiteElo "1864"]
[BlackElo "1835"]
[PlyCount "50"]
[EventDate "2016.??.??"]
[WhiteTeam "SK Sachsenheim"]
[BlackTeam "SF Kornwestheim"]

1. d4 Nf6 2. c4 g6 3. Nc3 d5 4. e3 Bg7 5. b4 O-O 6. Bb2 Re8 7. Nf3 c6 8. Be2
Nbd7 9. O-O dxc4 10. Bxc4 Nb6 11. Bb3 Nbd5 12. Ne5 Be6 13. b5 Nxc3 14. Bxc3 Nd5
15. Bb2 cxb5 16. e4 Nc7 17. d5 Bc8 18. Rc1 Qd6 19. f4 Bd7 20. Bd4 Na6 21. Nf3
Qxf4 22. Bxg7 Kxg7 23. Qd4+ f6 24. g3 Qd6 25. e5 Qb6 1/2-1/2

[Event "WEM KT 2016"]
[Site "?"]
[Date "2016.09.02"]
[Round "7.12"]
[White "Kasüschke, Lars"]
[Black "Engelhardt, Frank"]
[Result "1-0"]
[WhiteElo "1941"]
[BlackElo "1819"]
[PlyCount "81"]
[EventDate "2016.??.??"]
[WhiteTeam "SG Schwäbisch Gmünd"]
[BlackTeam "SC Botnang"]

1. e4 c5 2. Nf3 e6 3. d4 cxd4 4. Nxd4 a6 5. c4 Qc7 6. Be3 Nf6 7. Nc3 Bb4 8. Qc2
O-O 9. Bd3 Nc6 10. f3 Ne5 11. O-O Nxd3 12. Qxd3 b6 13. Nde2 Bc5 14. Nd4 Rb8 15.
a3 Bb7 16. b4 Be7 17. Rad1 d6 18. Na4 Rfc8 19. Rc1 Ba8 20. Nb3 Nd7 21. f4 Qb7
22. Nd2 b5 23. Nc3 bxc4 24. Nxc4 Nf6 25. Na5 Qd7 26. Rfd1 Bb7 27. e5 Nd5 28.
Nxb7 Nxe3 29. Qxe3 Rxb7 30. exd6 Bd8 31. Kh1 Bb6 32. Qd3 Rc6 33. Na4 Rxc1 34.
Rxc1 g6 35. Nc5 Bxc5 36. bxc5 Qc6 37. h3 Kf8 38. Qf3 Qxf3 39. gxf3 Ke8 40. c6
Rb8 41. d7+ 1-0

[Event "WEM KT 2016"]
[Site "?"]
[Date "2016.09.02"]
[Round "7.13"]
[White "Mayer, Dietmar"]
[Black "Reindl, Arno"]
[Result "1/2-1/2"]
[WhiteElo "1668"]
[BlackElo "1809"]
[PlyCount "60"]
[EventDate "2016.??.??"]
[WhiteTeam "SC Böblingen"]
[BlackTeam "SG Schwäbisch Gmünd"]

1. d4 Nf6 2. Nf3 e6 3. e3 c5 4. Bd3 cxd4 5. exd4 b6 6. Qe2 Bb7 7. O-O Be7 8. h3
Nc6 9. a3 Qc7 10. Re1 O-O 11. Bg5 Rac8 12. Nbd2 d5 13. c3 h6 14. Bh4 Nh5 15.
Bxe7 Qxe7 16. g3 Nf6 17. Ne5 Nd7 18. f4 Ncxe5 19. fxe5 Qg5 20. Qe3 Qxe3+ 21.
Rxe3 a6 22. a4 Nb8 23. a5 b5 24. b4 g6 25. Rc1 Nc6 26. Ree1 Rc7 27. Nb3 Rfc8
28. Nc5 Nb8 29. h4 Nd7 30. h5 Nxc5 1/2-1/2

[Event "WEM KT 2016"]
[Site "?"]
[Date "2016.09.02"]
[Round "7.14"]
[White "Radek, Dieter"]
[Black "Handel, Oliver"]
[Result "0-1"]
[WhiteElo "1962"]
[BlackElo "1854"]
[PlyCount "96"]
[EventDate "2016.??.??"]
[WhiteTeam "SV Oberstenfeld"]
[BlackTeam "SF Kornwestheim"]

1. e4 c5 2. Nf3 d6 3. d4 cxd4 4. Nxd4 Nf6 5. Nc3 a6 6. Bg5 e6 7. Qd2 Be7 8.
O-O-O O-O 9. f4 b5 10. Bd3 Bb7 11. Rhe1 Nbd7 12. Kb1 Rc8 13. h3 Nc5 14. e5 dxe5
15. Rxe5 Nxd3 16. Qxd3 Nd5 17. Nxd5 Bxd5 18. Bxe7 Qxe7 19. Qe3 Qc5 20. Rc1 Rfd8
21. c3 Qd6 22. Qf2 b4 23. Nb3 Qc6 24. g4 Be4+ 25. Ka1 Bd5 26. Qc2 Qc4 27. Qe2
Qxf4 28. Rf1 Qg3 29. Re3 Qd6 30. Rc1 Bc4 31. Qe1 Qd5 32. cxb4 a5 33. bxa5 Ra8
34. Rec3 Bxb3 35. Rxb3 Rxa5 36. Kb1 Rxa2 37. Kxa2 Ra8+ 38. Kb1 Qxb3 39. Qc3 Qb7
40. Qc6 Qb8 41. Qc7 Qe8 42. Qc6 Qd8 43. Qc7 Qd3+ 44. Qc2 Qa6 45. Qc6 Qa2+ 46.
Kc2 Rb8 47. Rb1 Qb3+ 48. Kd2 Rd8+ 0-1

[Event "WEM KT 2016"]
[Site "?"]
[Date "2016.09.02"]
[Round "7.15"]
[White "Reindl, Jork"]
[Black "Löwe, Joachim"]
[Result "0-1"]
[WhiteElo "1436"]
[BlackElo "1886"]
[PlyCount "64"]
[EventDate "2016.??.??"]
[WhiteTeam "SG Schwäbisch Gmünd"]
[BlackTeam "SK Schmiden/Cannstatt"]

1. e4 c6 2. d4 d5 3. exd5 cxd5 4. Nf3 a6 5. Bd3 Bg4 6. O-O Nc6 7. c3 e6 8. Bf4
Bd6 9. Bg3 Nf6 10. Nbd2 Bxg3 11. fxg3 Qc7 12. Qe1 Qb6 13. Rb1 Nd7 14. Kh1 O-O
15. Qc1 e5 16. dxe5 Ndxe5 17. Nxe5 Nxe5 18. Bc2 Be2 19. Re1 Qf2 20. Nb3 Nd3 21.
Bxd3 Bxd3 22. Ra1 Be4 23. Rg1 Rae8 24. Qf4 Qxb2 25. Nc5 Bxg2+ 26. Rxg2 Qxa1+
27. Rg1 Qxa2 28. Nd7 Re2 29. Qh4 Rfe8 30. Nc5 Qd2 31. Nb3 Qxc3 32. Nc1 Qf3+ 0-1

[Event "WEM KT 2016"]
[Site "?"]
[Date "2016.09.02"]
[Round "7.16"]
[White "Reindl, Knut"]
[Black "Handel, Heinz"]
[Result "1-0"]
[WhiteElo "1791"]
[BlackElo "1661"]
[PlyCount "67"]
[EventDate "2016.??.??"]
[WhiteTeam "SG Schwäbisch Gmünd"]
[BlackTeam "Rochade Metzingen"]

1. c4 Nf6 2. Nf3 e6 3. Nc3 d5 4. cxd5 Nxd5 5. Nxd5 Qxd5 6. g3 Nd7 7. Bg2 Qc5 8.
O-O Be7 9. d3 Nf6 10. Bf4 Bd6 11. Be3 Qb5 12. Qc2 Qd7 13. Rac1 O-O 14. Bc5 c6
15. b4 Bxc5 16. bxc5 Re8 17. Ne5 Qc7 18. d4 Nd7 19. Nc4 e5 20. Nd6 Re6 21. d5
Rg6 22. Be4 Rh6 23. Nf5 Rh5 24. Ne7+ Kh8 25. dxc6 bxc6 26. Bxc6 Rb8 27. Bf3 Rh6
28. Nd5 Qa5 29. c6 Nf6 30. c7 Rb5 31. Nxf6 Rxf6 32. Rfd1 g6 33. Rd8+ Kg7 34.
Rxc8 1-0

[Event "WEM KT 2016"]
[Site "?"]
[Date "2016.09.02"]
[Round "7.17"]
[White "Tölg, Wolfgang"]
[Black "Zimmermann, Tobias"]
[Result "0-1"]
[WhiteElo "1597"]
[BlackElo "1820"]
[PlyCount "112"]
[EventDate "2016.??.??"]
[WhiteTeam "SF Oeffingen"]
[BlackTeam "SC Botnang"]

1. e4 c5 2. Nf3 d6 3. d4 cxd4 4. Nxd4 Nf6 5. Nc3 a6 6. Bd3 e6 7. O-O Nbd7 8.
Be3 Qc7 9. f3 b5 10. a3 Bb7 11. Qd2 Be7 12. Rac1 Ne5 13. b3 O-O 14. Be2 Rac8
15. Nb1 d5 16. exd5 Nxd5 17. f4 Nxe3 18. Qxe3 Ng6 19. b4 Nxf4 20. Rxf4 Bg5 21.
Nxe6 Qc6 22. Bf3 Qxe6 23. Qxe6 fxe6 24. Rxf8+ Rxf8 25. Rf1 Be3+ 26. Kh1 e5 27.
h3 e4 28. Be2 Rxf1+ 29. Bxf1 Bc1 30. Be2 Kf7 31. Kg1 Kf6 32. Kf1 Ke5 33. g3 e3
34. Ke1 Bd5 35. Kd1 Bb2 36. Bg4 Ba2 37. Nd2 exd2 38. Kxd2 Bxa3 39. c3 Be6 40.
Bf3 Bd5 41. Bg4 Bb7 42. Be2 h6 43. Bf1 g5 44. Kc2 Be4+ 45. Kd2 h5 46. Be2 h4
47. gxh4 gxh4 48. Bg4 Bf5 49. Bf3 Bc8 50. Kd3 Kf4 51. Bd5 Bxh3 52. Bb7 Bf1+ 53.
Kd2 h3 54. Bxa6 h2 55. Bb7 Kg3 56. Bc6 Bg2 0-1

[Event "WEM KT 2016"]
[Site "?"]
[Date "2016.09.02"]
[Round "7.18"]
[White "Baumeister, Jürgen"]
[Black "Lahouel, Kim-Luca"]
[Result "0-1"]
[WhiteElo "1818"]
[BlackElo "1706"]
[PlyCount "82"]
[EventDate "2016.??.??"]
[WhiteTeam "SC Asperg"]
[BlackTeam "Heilbronner SV"]

1. e4 d5 2. Nc3 Nf6 3. e5 Nfd7 4. d4 e6 5. Nce2 c5 6. c3 Nc6 7. f4 Qb6 8. Nf3
Be7 9. Ng3 O-O 10. Bd3 cxd4 11. cxd4 Bb4+ 12. Kf1 Be7 13. h4 Kh8 14. Bxh7 Nxd4
15. Nxd4 Kxh7 16. Be3 Rh8 17. Nh5 Qxb2 18. Nb3 b6 19. Bd4 Ba6+ 20. Kg1 Qe2 21.
Ng3 Qxd1+ 22. Rxd1 Rac8 23. Rd2 Nc5 24. Kf2 Bc4 25. Nc1 Na6 26. Nge2 Nb4 27.
Kf3 Nc6 28. Bb2 Ba6 29. a3 Na5 30. Bc3 Nc4 31. Ra2 Nxa3 32. Bb2 Bxe2+ 33. Nxe2
Nb5 34. Ba1 Rc7 35. Rb1 Na3 36. Rb3 Nc4 37. Kg3 Kg6 38. f5+ Kxf5 39. Nd4+ Kg6
40. Nb5 Bxh4+ 41. Kg4 Rd7 0-1

[Event "WEM KT 2016"]
[Site "?"]
[Date "2016.09.02"]
[Round "8.1"]
[White "Wolf, Rainer"]
[Black "Fuß, Klaus"]
[Result "1-0"]
[WhiteElo "2013"]
[BlackElo "2055"]
[PlyCount "97"]
[EventDate "2016.??.??"]
[WhiteTeam "SC Weiße Dame Ulm"]
[BlackTeam "SG Turm Albstadt"]

1. Nf3 Nf6 2. e3 e6 3. c4 b6 4. Be2 Bb7 5. O-O Be7 6. Nc3 O-O 7. d4 d5 8. cxd5
Nxd5 9. Bd3 c5 10. Nxd5 Bxd5 11. Qc2 h6 12. e4 Bb7 13. dxc5 Bxc5 14. Rd1 Nc6
15. Qe2 Qe7 16. e5 Nd4 17. Nxd4 Bxd4 18. Bf4 Rad8 19. Rd2 Qc5 20. Rad1 Qe7 21.
Qg4 f5 22. Qg6 Qe8 23. Qxe8 Rdxe8 24. Bb5 Bc5 25. Bxe8 Rxe8 26. Rd7 Rb8 27.
Rd8+ Rxd8 28. Rxd8+ Kh7 29. Be3 Bxe3 30. fxe3 Bd5 31. a3 b5 32. b4 h5 33. g3 g5
34. Rd7+ Kg6 35. Kf2 a6 36. Ra7 Bb3 37. Rxa6 Bc4 38. Rc6 Bb3 39. Rc5 Ba4 40.
Ke2 h4 41. gxh4 gxh4 42. Kf3 Kg5 43. Rc1 Bb3 44. Rg1+ Kh5 45. Kf4 Bc2 46. Rc1
Bb3 47. Rc5 Ba4 48. Rc8 Bb3 49. Rh8+ 1-0

[Event "WEM KT 2016"]
[Site "?"]
[Date "2016.09.02"]
[Round "8.2"]
[White "Gustain, Marc"]
[Black "Heining, Thomas"]
[Result "1-0"]
[WhiteElo "2131"]
[BlackElo "2122"]
[PlyCount "36"]
[EventDate "2016.??.??"]
[WhiteTeam "SF Deizisau"]
[BlackTeam "SC Böblingen"]

1. d4 Nf6 2. Nc3 d5 3. Bf4 g6 4. Qd2 Bg7 5. Bh6 Bxh6 6. Qxh6 c5 7. dxc5 Qa5 8.
O-O-O Nc6 9. e3 Bf5 10. Nf3 Qxc5 11. Nd4 Bd7 12. Nb3 Qb6 13. Be2 O-O-O 14. Rxd5
Be6 15. Rxd8+ Rxd8 16. Qf4 Nd5 17. Nxd5 Bxd5 18. Rd1 e5 1-0

[Event "WEM KT 2016"]
[Site "?"]
[Date "2016.09.02"]
[Round "8.3"]
[White "Gehringer, Frank"]
[Black "Schaffert, Walter"]
[Result "0-1"]
[WhiteElo "2010"]
[BlackElo "2069"]
[PlyCount "44"]
[EventDate "2016.??.??"]
[WhiteTeam "SC Leinfelden"]
[BlackTeam "SG Ludwigsburg"]

1. e4 d5 2. exd5 Qxd5 3. Nc3 Qd6 4. Nf3 Nf6 5. Bc4 a6 6. O-O b5 7. Bd3 Nbd7 8.
Ne4 Qb6 9. Nxf6+ Nxf6 10. b3 Bb7 11. Bb2 e6 12. Qe2 Rd8 13. Rae1 Be7 14. Ng5
Qc6 15. Ne4 Nxe4 16. Bxe4 Qxe4 17. Qxe4 Bxe4 18. Rxe4 Rxd2 19. Bxg7 Rg8 20. Rd4
Rxc2 21. Be5 Rg5 22. Bf4 Rgc5 0-1

[Event "WEM KT 2016"]
[Site "?"]
[Date "2016.09.02"]
[Round "8.4"]
[White "Wendler, David"]
[Black "Fischer, Dietmar"]
[Result "1/2-1/2"]
[WhiteElo "1912"]
[BlackElo "1944"]
[PlyCount "87"]
[EventDate "2016.??.??"]
[WhiteTeam "SK Bebenhausen"]
[BlackTeam "SC Böblingen"]

1. e4 c5 2. c3 Nf6 3. e5 Nd5 4. d4 cxd4 5. Nf3 e6 6. cxd4 d6 7. Bc4 Nc6 8. O-O
Be7 9. Qe2 O-O 10. Qe4 Qc7 11. a3 dxe5 12. dxe5 Rd8 13. Re1 h6 14. Nc3 Nxc3 15.
bxc3 Qd7 16. Qg4 Kh8 17. Qh5 Bf8 18. Ra2 Qe8 19. Ng5 g6 20. Qh4 Nxe5 21. Bb3
Bg7 22. Rxe5 Bxe5 23. Nxf7+ Qxf7 24. Qxd8+ Kg7 25. Re2 Bf6 26. Qd2 Bg5 27. Qe1
Bxc1 28. Qxc1 Bd7 29. Qe1 Re8 30. h3 Qe7 31. a4 e5 32. f4 e4 33. Qd2 Bc6 34.
Qd4+ Qf6 35. Kf2 Rd8 36. Qxf6+ Kxf6 37. Bc2 Kf5 38. Ke3 h5 39. g3 b6 40. Re1
Bb7 41. Rb1 Rc8 42. Kd4 Rd8+ 43. Ke3 Rc8 44. Kd4 1/2-1/2

[Event "WEM KT 2016"]
[Site "?"]
[Date "2016.09.02"]
[Round "8.6"]
[White "Muschkowski, Jürgen"]
[Black "Lüdke, Joshua"]
[Result "1/2-1/2"]
[WhiteElo "2090"]
[BlackElo "1934"]
[PlyCount "42"]
[EventDate "2016.??.??"]
[WhiteTeam "SV Balingen"]
[BlackTeam "SV Marbach"]

1. d3 d5 2. g3 Nf6 3. Bg2 e5 4. Nd2 Bd6 5. e3 O-O 6. h3 b6 7. a3 Bb7 8. Nc4 Nc6
9. Nxd6 cxd6 10. Ne2 Rc8 11. O-O h6 12. b3 Re8 13. Bb2 Qe7 14. g4 Nd8 15. Ng3
g6 16. Kh2 Nd7 17. Qd2 Kh7 18. c4 dxc4 19. dxc4 Bxg2 20. Kxg2 Nc5 21. Qd1 Nde6
1/2-1/2

[Event "WEM KT 2016"]
[Site "?"]
[Date "2016.09.02"]
[Round "8.7"]
[White "Keller, Joachim"]
[Black "Müller, Thomas"]
[Result "1-0"]
[WhiteElo "1901"]
[BlackElo "2027"]
[PlyCount "43"]
[EventDate "2016.??.??"]
[WhiteTeam "SK Bebenhausen"]
[BlackTeam "SV Schömberg"]

1. d4 Nf6 2. Bf4 c5 3. e3 g6 4. c3 cxd4 5. exd4 Bg7 6. Nd2 d6 7. Bb5+ Nbd7 8.
Ngf3 O-O 9. O-O a6 10. Bc4 Nh5 11. Be3 e5 12. Bxf7+ Rxf7 13. Ng5 Qe7 14. Nde4
d5 15. Nxf7 Qxf7 16. Ng5 Qe7 17. Qb3 Nhf6 18. dxe5 Qxe5 19. Rae1 h6 20. Nf3 Qh5
21. Bd4 Ne4 22. Rxe4 1-0